00493nam a2200157Ia 4500008004100000041000800041082001300049100002200062245001600084250000600100260005800106300001500164650001500179999001900194952012200213210716s2000 xx 000 0 und d aeng a658 GRIR aGriffin, Ricky W. aManagement. a5 aNew DelhibA.I.T.B.S. Publishers & Distributorsc2000 axxxiii,764 aMANAGEMENT c197619d197619 001040708MBAaAIMITbAIMITd2004-04-07g250.00l0o658 GRIRpMBA00184r2026-05-23 00:00:00v200.00w2021-07-16yBK